Normal view
MARC view
- التسويق- معالجة البيانات
Entry Topical Term
001 - CONTROL NUMBER
- control field: 57126
003 - CONTROL NUMBER IDENTIFIER
- control field: JO-AjAnu
005 - DATE AND TIME OF LATEST TRANSACTION
- control field: 20230606083345.0
008 - FIXED-LENGTH DATA ELEMENTS
- fixed length control field: 230606|| aca||aabn | a|a d
040 ## - CATALOGING SOURCE
- Original cataloging agency: JO-AjAnu
- Transcribing agency: JO-AjAnu
150 ## - HEADING--TOPICAL TERM
- Topical term or geographic name entry element: التسويق- معالجة البيانات
670 ## - SOURCE DATA FOUND
- Source citation: Work cat.: (JO-AjAnu)29148: إعداد المادة العلمية بني هاني، جهاد ، معن الصقر, author 57125, أنظمة المعلومات التسويقية